00709nam a2200217 a 450000100060000000300080000600500170001400800410003103500190007204000320009104100080012308200150013110000330014624501010017926000320028030000350031250400190034765000180036665000120038485600950039622328BD-RjUL20211209000808.0140308s1860 enka 001 0 eng d a(BD-RjUL)22393 aPLFcPLFdEUXdBD-RjULbeng aeng a910.4bGAA1 aGalton, Francis,d1822-1911.14aThe art of travel, or, Shifts and contrivances available in wild countries /cby Francis Galton. aLondon :bJ. Murray,c1867. avxviii, 298 p :bill ;c18 cm. aIncludes index 0aOutdoor life. 0aTravel.413Bodleian Library Dunston F 686uhttp://purl.ox.ac.uk/uuid/69c7c179e3e14e59b70820c2bc2cff06